Standard codecs : (Record no. 129928)

MARC details
000 -LEADER
fixed length control field 00837cam a2200265 a 4500
008 - FIXED-LENGTH DATA ELEMENTS--GENERAL INFORMATION
fixed length control field
020 ## - INTERNATIONAL STANDARD BOOK NUMBER
International Standard Book Number 0852967101 (hbk.)
049 ## - LOCAL HOLDINGS (OCLC)
Holding library MAIN
090 ## - LOCALLY ASSIGNED LC-TYPE CALL NUMBER (OCLC); LOCAL CALL NUMBER (RLIN)
Classification number (OCLC) (R) ; Classification number, CALL (RLIN) (NR) TR899
Local cutter number (OCLC) ; Book number/undivided call number, CALL (RLIN) GHA
003 - CONTROL NUMBER IDENTIFIER
control field
005 - DATE AND TIME OF LATEST TRANSACTION
control field 20230123122224.0
040 ## - CATALOGING SOURCE
Transcribing agency NUST
100 1# - MAIN ENTRY--PERSONAL NAME
Personal name Ghanbari, M.
245 10 - TITLE STATEMENT
Title Standard codecs :
Remainder of title image compression to advanced video coding /
Statement of responsibility, etc. Mohammed Ghanbari.
260 ## - PUBLICATION, DISTRIBUTION, ETC.
Place of publication, distribution, etc. London :
Name of publisher, distributor, etc. Institution of Electrical Engineers,
Date of publication, distribution, etc. c2003
300 ## - PHYSICAL DESCRIPTION
Extent xv, 407 p. :
Other physical details ill., 1 port. ;
Dimensions 24 cm
440 #0 - SERIES STATEMENT/ADDED ENTRY--TITLE
Title IEE telecommunications series ;
Volume/sequential designation 49
504 ## - BIBLIOGRAPHY, ETC. NOTE
Bibliography, etc. note Includes bibliographical references.
500 ## - GENERAL NOTE
General note Includes index.
650 #0 - SUBJECT ADDED ENTRY--TOPICAL TERM
Topical term or geographic name entry element Digital video
650 #0 - SUBJECT ADDED ENTRY--TOPICAL TERM
Topical term or geographic name entry element Video compression
650 #0 - SUBJECT ADDED ENTRY--TOPICAL TERM
Topical term or geographic name entry element MPEG (Video coding standard)
907 ## - LOCAL DATA ELEMENT G, LDG (RLIN)
a .b10374516
b 27-07-16
c 27-07-16
942 ## - ADDED ENTRY ELEMENTS (KOHA)
Koha item type Ordinary Loan Books
Call number prefix TR899
Call number suffix GHA
Holdings
Date last seen Total Checkouts Full call number Barcode Cost, replacement price Price effective from Koha item type Lost status Source of classification or shelving scheme Damaged status Not for loan Collection Withdrawn status Home library Current library Shelving location Date acquired Cost, normal purchase price
01/23/2023   TR899 GHA 92004038003 80.00 01/23/2023 BOOKS   LCC     NFIC   MAIN MAIN GEN 01/23/2023 80.00